| 000 | 00879nam a2200289 i 4500 | ||
|---|---|---|---|
| 001 | 87102 | ||
| 003 | ES-MaACL | ||
| 005 | 20250901080520.0 | ||
| 007 | t| | ||
| 008 | 041220s1969 sp ||||1| spa d | ||
| 100 | 1 |
_aKotelnikov, V. _968654 |
|
| 245 | 1 | 0 |
_aRadioastronomía / _cpor V. Kotelnikov . Rayos cósmicos / por S.N. Vernov . Astrofísica / por V.A. Ambartsumian. |
| 260 |
_aMadrid : _bAtika, _c1969. |
||
| 300 |
_a54 p. ; _c28 cm. |
||
| 490 | 1 | _aLa Nueva ciencia | |
| 650 | 7 |
_aRadioastronomía _2embne _9165306 |
|
| 650 | 4 |
_aRayos cósmicos. _9165307 |
|
| 650 | 4 |
_aAstrofísica. _9135646 |
|
| 700 | 1 |
_aKuzmin, A. _969093 |
|
| 700 | 1 |
_aVernov, S. N. _9114189 |
|
| 700 | 1 |
_aAmbartsumian, V. A. _921162 |
|
| 740 | 0 | 2 | _aRayos cósmicos. |
| 740 | 0 | 2 | _aAstrofísica. |
| 830 | 0 |
_aLa Nueva ciencia _9184025 |
|
| 852 |
_aES-MaACL _jC-36361 |
||
| 999 |
_c87102 _d87102 |
||